Economic development and ecological degradation / (Record no. 51022)

MARC details
000 -LEADER
fixed length control field 00926nam a22002537a 4500
005 - DATE AND TIME OF LATEST TRANSACTION
control field 20110311152653.0
008 - FIXED-LENGTH DATA ELEMENTS--GENERAL INFORMATION
fixed length control field 110311t xxu||||| |||| 00| 0 eng d
010 ## - LCCN (DPL NO)
LC control number ENG-102112
020 ## - INTERNATIONAL STANDARD BOOK NUMBER
International Standard Book Number 9788184840834
Terms of availability 1150.00
035 ## - SYSTEM CONTROL NUMBER
System control number EN-85645
037 ## - SOURCE OF ACQUISITION
Source of stock number/acquisition DBAD / PUB
040 ## - CATALOGING SOURCE
Original cataloging agency dpl
Language of cataloging Eng
082 ## - DEWEY DECIMAL CLASSIFICATION NUMBER
Classification number 338.954
100 ## - MAIN ENTRY--PERSONAL NAME
9 (RLIN) 26476
Personal name Khanna, Hema
245 ## - TITLE STATEMENT
Title Economic development and ecological degradation /
Statement of responsibility, etc by Hema Khanna ; foreworded by G. S. Bhalla
260 ## - PUBLICATION, DISTRIBUTION, ETC. (IMPRINT)
Place of publication, distribution, etc New Delhi
Name of publisher, distributor, etc Regal Publications
Date of publication, distribution, etc 2010
270 ## - ADDRESS
Address F-159, Rajouri Garden
City New Delhi
Postal code 110027
300 ## - PHYSICAL DESCRIPTION
Extent xviii, 275p.
Dimensions 23cm (Hb)
500 ## - GENERAL NOTE
General note Includes bibliographical references and index
650 ## - SUBJECT ADDED ENTRY--TOPICAL TERM
9 (RLIN) 26478
700 ## - ADDED ENTRY--PERSONAL NAME
9 (RLIN) 26477
942 ## - ADDED ENTRY ELEMENTS (KOHA)
Source of classification or shelving scheme Dewey Decimal Classification
Item type English Books
Call number suffix KHA
Classification part 338.954
Holdings
Withdrawn status Lost status Source of classification or shelving scheme Damaged status Not for loan Collection code Home library Current library Date acquired Source of acquisition Cost, normal purchase price Total Checkouts Full call number Barcode Date last seen Copy number Cost, replacement price Koha item type
    Dewey Decimal Classification   Not For Loan Non-fiction D.B.Act.Division D.B.Act.Division 11/03/2011 DBAD/PUB 1150.00   338.954 KHA EN-85645 11/03/2011 1 1150.00 English Books

© Delhi Public Library
Hit Counter
free hit counter